00228nam a2200097Ia 4500008004100000100002100041245003100062260001600093260000900109546001200118170619s9999 xx 000 0 und d aNair- Somanathan 0aLinear Integrated Circuits bWiley-India c2009 aENGLISH